Pesticide residues in green chili and coriander leaves collected from gopalganj district of bangladesh / (Record no. 15351)

MARC details
000 -LEADER
fixed length control field 01046nam a22002657a 4500
003 - CONTROL NUMBER IDENTIFIER
control field BD-DhSAU
005 - DATE AND TIME OF LATEST TRANSACTION
control field 20210930095829.0
008 - FIXED-LENGTH DATA ELEMENTS--GENERAL INFORMATION
fixed length control field 210929b |||||||| |||| 00| 0 eng d
040 ## - CATALOGING SOURCE
Original cataloging agency BD-DhSAU
082 ## - DEWEY DECIMAL CLASSIFICATION NUMBER
Edition number 22
Classification number 630.2
Item number Oj2
100 ## - MAIN ENTRY--PERSONAL NAME
Personal name OJHA, SOURAV
Relator term REGISTRATION No. #18-09122
245 ## - TITLE STATEMENT
Title Pesticide residues in green chili and coriander<br/>leaves collected from gopalganj district of<br/>bangladesh /
Remainder of title Ms Thesis
260 ## - PUBLICATION, DISTRIBUTION, ETC. (IMPRINT)
Place of publication, distribution, etc. Sher-e-bangla Agricultural University Dhaka 1207;
Name of publisher, distributor, etc. Department of Agricultural Chemistry;
Date of publication, distribution, etc. 2020.;
300 ## - PHYSICAL DESCRIPTION
Extent viii.;
Other physical details 72p.;
Dimensions 30cm.;
500 ## - GENERAL NOTE
General note Including Index.;
590 ## - Name of Cataloguer
Name of Cataloger nazmul
600 ## - SUBJECT ADDED ENTRY--PERSONAL NAME
Fuller form of name Pesticide residues
610 ## - SUBJECT ADDED ENTRY--CORPORATE NAME
Corporate name or jurisdiction name as entry element green chili and coriander leaves
650 ## - SUBJECT ADDED ENTRY--TOPICAL TERM
Topical term or geographic name as entry element gopalganj district of bangladesh
651 ## - SUBJECT ADDED ENTRY--GEOGRAPHIC NAME
Geographic name okra (abelmoschus esculentus)
700 ## - ADDED ENTRY--PERSONAL NAME
Personal name Dr. Mohammad Dalower Hossain Prodhan
Relator term Supervisor
710 ## - ADDED ENTRY--CORPORATE NAME
Corporate name or jurisdiction name as entry element Dr. Md. Tazul Islam Chowdhury
Relator term Co-Supervisor
856 ## - ELECTRONIC LOCATION AND ACCESS
Uniform Resource Identifier <a href="http://archive.saulibrary.edu.bd:8080/xmlui/handle/123456789/3561">http://archive.saulibrary.edu.bd:8080/xmlui/handle/123456789/3561</a>
Link text Online Access
942 ## - ADDED ENTRY ELEMENTS (KOHA)
Source of classification or shelving scheme Dewey Decimal Classification
Koha item type MS Level Thesis
Holdings
Withdrawn status Lost status Source of classification or shelving scheme Damaged status Not for loan Home library Branch Name Shelving location Date acquired Total Checkouts Full call number Barcode Date last seen Price effective from Koha item type
    Dewey Decimal Classification   Not For Loan SAU Library SAU Library Reference 29/09/2021   630.2 Oj2 42734 29/09/2021 29/09/2021 MS Level Thesis